| 000 | 00810cam a22002651 4500 | ||
|---|---|---|---|
| 001 | 3930 | ||
| 003 | BD-RjUL | ||
| 005 | 20211208233813.0 | ||
| 008 | 131221s1958 enk b 001 0 eng d | ||
| 035 | _a(BD-RjUL)3964 | ||
| 035 | _a(OCoLC)505151 | ||
| 040 |
_aDLC _cODaWU _dOCoLC _dFBoU _dUk _dDLC _dBD-RjUL _beng |
||
| 041 | _aeng | ||
| 082 |
_a340.1 _bKAD 1958 |
||
| 100 | 1 |
_aKantorowicz, Hermann, _d1877-1940. _912526 |
|
| 245 | 1 | 4 |
_aThe definition of law; _cedited by A.H. Campbell. With an introduction by A.L. Goodhart. |
| 260 |
_aCambridge [Eng.] _bUniversity Press, _cc1958. |
||
| 300 |
_axxiii, 113 p. : _c18 cm. |
||
| 504 | _aIncludes bibliography. | ||
| 650 | 0 |
_aJurisprudence. _912527 |
|
| 650 | 0 |
_aLaw _xPhilosophy. _912528 |
|
| 942 |
_2ddc _cBK |
||
| 999 |
_c3930 _d3930 |
||